[Event "Schachbezirk Oberbayern - EM 2017"]
[Site "Hochstätt am Inn"]
[Date "2017.05.28"]
[Round "6.3"]
[White "Bergerhoff, Andreas"]
[Black "Ott, Josef Sebastian"]
[Result "0-1"]
[WhiteElo "1988"]
[BlackElo "1852"]
[PlyCount "98"]
[EventDate "2017.??.??"]
[WhiteTeam "SK Bruckmühl e.V."]
[BlackTeam "SG Traunstein/Traunreut e.V."]

1. c4 Nf6 2. Nc3 c5 3. e4 d6 4. g3 b6 5. Bg2 Bb7 6. Nge2 a6 7. d4 cxd4 8. Nxd4
Qc7 9. Qe2 e6 10. O-O Be7 11. Be3 O-O 12. Rfd1 Nbd7 13. Rac1 Rac8 14. b3 Qb8
15. Na4 Nxe4 16. f3 Nec5 17. Nb2 Nf6 18. Bf2 d5 19. b4 Ncd7 20. cxd5 Bxd5 21.
Qxa6 Bxb4 22. Qb5 Bc5 23. f4 Bxg2 24. Kxg2 Qa8+ 25. Kg1 Qxa2 26. Nc4 Qa7 27.
Nc6 Qc7 28. Bxc5 Nxc5 29. N6e5 Nd5 30. Rxd5 exd5 31. Nxb6 Rb8 32. Nxd5 Qxe5 33.
Qxc5 Qe6 34. f5 Qe2 35. f6 g6 36. Ne7+ Kh8 37. Rf1 Rfe8 38. Qc6 h6 39. Rf2 Qd3
40. Kg2 Kh7 41. Qa4 Ra8 42. Qc6 Red8 43. Qb7 Rab8 44. Qc6 Rd6 45. Qc7 Qe4+ 46.
Kh3 Qe6+ 47. Kg2 Rbd8 48. Qc2 Qe3 49. Qa2 Qxf2+ 0-1

[Event "Schachbezirk Oberbayern - EM 2017"]
[Site "Hochstätt am Inn"]
[Date "2017.05.28"]
[Round "6.4"]
[White "Rosner, Gerhard"]
[Black "Steinheimer, Jürgen"]
[Result "0-1"]
[WhiteElo "2029"]
[BlackElo "2059"]
[PlyCount "146"]
[EventDate "2017.??.??"]
[WhiteTeam "SG Pang-Rosenheim 1910 e.V."]
[BlackTeam "SK Gräfelfing"]

1. c4 e5 2. Nc3 Bb4 3. Nd5 Be7 4. g3 c6 5. Nxe7 Nxe7 6. Bg2 d5 7. Qc2 dxc4 8.
Qxc4 Be6 9. Qc3 f6 10. d3 O-O 11. Nf3 Nd5 12. Qd2 c5 13. O-O Nc6 14. b3 Qd7 15.
Ba3 b6 16. Rfd1 Rfd8 17. Qe1 Bg4 18. Rdc1 Rac8 19. Rc4 a5 20. Rxg4 Qxg4 21. h3
Qe6 22. Nd2 Nd4 23. Rc1 Nb4 24. Bxb4 cxb4 25. Nc4 b5 26. e3 bxc4 27. exd4 c3
28. d5 Qd7 29. Rc2 a4 30. Qe4 axb3 31. axb3 Qd6 32. Qh4 g6 33. Qh6 Qf8 34. Qe3
Rc7 35. Qb6 Qd6 36. Qe3 Qc5 37. Qh6 Rxd5 38. Bxd5+ Qxd5 39. Qh4 Qd6 40. Kh2 Kg7
41. Qe4 Qd4 42. Qa8 Qxd3 43. Qb8 Rd7 44. Ra2 Qd6 45. Qb5 Rc7 46. Qb8 Qc5 47.
Rc2 Rd7 48. Qe8 Rd2 49. Rxd2 cxd2 50. Qd7+ Kg8 51. Qd8+ Kf7 52. Qd7+ Kg8 53.
Qd8+ Kf7 54. Qd7+ Qe7 55. Qxd2 Ke6 56. Kg1 Qc5 57. Qd8 h5 58. Qd3 g5 59. Qh7
Qc3 60. Kg2 Kd6 61. Qf7 Kc5 62. Qxf6 Qxb3 63. Qxg5 Qd5+ 64. Kg1 b3 65. Qe3+ Kb5
66. Qc3 e4 67. Kh2 Qd3 68. Qe5+ Kb4 69. g4 hxg4 70. hxg4 Qe2 71. Qd4+ Qc4 72.
Qd6+ Kc3 73. g5 Kc2 0-1

[Event "Schachbezirk Oberbayern - EM 2017"]
[Site "Hochstätt am Inn"]
[Date "2017.05.28"]
[Round "6.5"]
[White "Nikutowski, Oliver"]
[Black "Jocher, Georg"]
[Result "0-1"]
[WhiteElo "1993"]
[BlackElo "2075"]
[PlyCount "104"]
[EventDate "2017.??.??"]
[WhiteTeam "Gautinger SC"]
[BlackTeam "SK Großweil"]

1. d4 Nf6 2. c4 g6 3. Nf3 Bg7 4. g3 O-O 5. Bg2 d6 6. Nc3 Nc6 7. O-O a6 8. h3 e5
9. e4 Re8 10. Be3 exd4 11. Nxd4 Bd7 12. Re1 Qc8 13. Kh2 Rb8 14. a4 Re5 15. Nf3
Rh5 16. Nh4 b5 17. axb5 axb5 18. cxb5 Ne7 19. f4 Ne8 20. Bd4 Bxb5 21. Bxg7 Nxg7
22. Ra5 Nc6 23. Rxb5 Rhxb5 24. Nxb5 Rxb5 25. Qa4 Qb8 26. Re2 Nb4 27. Rd2 Ne6
28. Qd1 Qd8 29. Nf3 Qf6 30. e5 dxe5 31. Nxe5 Nc5 32. Ng4 Qe7 33. Rd8+ Kg7 34.
Qd4+ f6 35. Nxf6 Ne6 36. Nd5+ Kf7 37. Nxe7 Nxd4 38. Rxd4 Kxe7 39. Bf1 Rb6 40.
Bc4 h6 41. g4 Nc2 42. Rd2 Na1 43. f5 gxf5 44. gxf5 Nb3 45. Rg2 Nd4 46. Bd3 Kf6
47. Rf2 Ke5 48. Kg3 Rb3 49. Rd2 Nxf5+ 50. Kg4 Rb4+ 51. Kf3 Nd4+ 52. Kg4 Nb3+
0-1

[Event "Schachbezirk Oberbayern - EM 2017"]
[Site "Hochstätt am Inn"]
[Date "2017.05.28"]
[Round "6.6"]
[White "Graf, Christian"]
[Black "Kobl, Rudolf"]
[Result "1/2-1/2"]
[WhiteElo "1981"]
[BlackElo "1912"]
[PlyCount "21"]
[EventDate "2017.??.??"]
[WhiteTeam "SU Ebersberg-Grafing"]
[BlackTeam "SK Wasserburg"]

1. e4 c5 2. c3 e6 3. d4 d5 4. exd5 Qxd5 5. Nf3 Nf6 6. Na3 Be7 7. Nb5 Qc6 8. Ne5
Qb6 9. Nc4 Qc6 10. Ne5 Qb6 11. Nc4 1/2-1/2

[Event "Schachbezirk Oberbayern - EM 2017"]
[Site "Hochstätt am Inn"]
[Date "2017.05.28"]
[Round "6.7"]
[White "Reisser, Simon"]
[Black "Straub, Jürgen"]
[Result "1/2-1/2"]
[WhiteElo "1938"]
[BlackElo "2121"]
[PlyCount "61"]
[EventDate "2017.??.??"]
[WhiteTeam "TSV Trostberg"]
[BlackTeam "TSV Ingolstadt Nord"]

1. e4 e5 2. Nf3 Nc6 3. Bc4 Bc5 4. c3 Qe7 5. d3 d6 6. h3 Nf6 7. O-O Bd7 8. b4
Bb6 9. Re1 h6 10. Nbd2 a6 11. Nf1 g6 12. Ne3 Bxe3 13. Bxe3 Be6 14. Qb3 Bxc4 15.
Qxc4 Qe6 16. Qxe6+ fxe6 17. a4 Kf7 18. Bd2 g5 19. d4 exd4 20. cxd4 Ne7 21. Rac1
Ne8 22. g4 Ng6 23. Kh2 Rd8 24. Kg3 e5 25. d5 Rd7 26. Rh1 Kf6 27. h4 Nxh4 28.
Nxh4 gxh4+ 29. Rxh4 Kg6 30. g5 h5 31. b5 1/2-1/2

[Event "Schachbezirk Oberbayern - EM 2017"]
[Site "Hochstätt am Inn"]
[Date "2017.05.28"]
[Round "6.8"]
[White "Höller, Armin"]
[Black "Gilhuber, Max"]
[Result "1-0"]
[WhiteElo "1961"]
[BlackElo "1699"]
[PlyCount "59"]
[EventDate "2017.??.??"]
[WhiteTeam "SK Weilheim"]
[BlackTeam "SK Töging"]

1. c4 e5 2. g3 Nc6 3. Bg2 f5 4. d3 Nf6 5. Nf3 Bc5 6. O-O O-O 7. a3 a5 8. Nc3 d6
9. Bg5 h6 10. Bxf6 Qxf6 11. Nd5 Qf7 12. e3 Be6 13. Nd2 g5 14. Nb3 Ba7 15. Qe1
a4 16. Nd2 h5 17. Nf3 Qd7 18. Nxg5 Rae8 19. h4 Bxd5 20. cxd5 Ne7 21. Qe2 f4 22.
Qxh5 Nf5 23. gxf4 Ng3 24. fxg3 Bxe3+ 25. Kh1 exf4 26. Ne6 Rf7 27. gxf4 Rh7 28.
Qg6+ Kh8 29. Qf6+ Kg8 30. Rf3 1-0

[Event "Schachbezirk Oberbayern - EM 2017"]
[Site "Hochstätt am Inn"]
[Date "2017.05.28"]
[Round "6.9"]
[White "Frese, Daniel"]
[Black "Holzmayr, Norbert"]
[Result "1-0"]
[WhiteElo "2063"]
[BlackElo "1692"]
[PlyCount "51"]
[EventDate "2017.??.??"]
[WhiteTeam "SG Traunstein/Traunreut e.V."]
[BlackTeam "SV Ilmmünster"]

1. e4 e5 2. Nf3 Nc6 3. Bb5 a6 4. Ba4 Nf6 5. O-O b5 6. Bb3 Bb7 7. d3 Bc5 8. Nc3
d6 9. a4 b4 10. Ne2 h6 11. Ng3 Nd4 12. Nxd4 Bxd4 13. Nf5 g5 14. Nxd4 exd4 15.
f4 Nd7 16. fxg5 Ne5 17. Qh5 Qe7 18. gxh6 Kd7 19. Bg5 Qf8 20. Bxf7 Qb8 21. h7
Kc6 22. a5 Nxf7 23. Rxf7 Kb5 24. Bf6+ c5 25. Bxh8 Qxh8 26. Rxb7+ 1-0

[Event "Schachbezirk Oberbayern - EM 2017"]
[Site "Hochstätt am Inn"]
[Date "2017.05.28"]
[Round "7.1"]
[White "Schlichtmann, Robin"]
[Black "Spieß, Martin"]
[Result "0-1"]
[WhiteElo "2161"]
[BlackElo "2210"]
[PlyCount "40"]
[EventDate "2017.??.??"]
[WhiteTeam "SK Bruckmühl e.V."]
[BlackTeam "SK Ingolstadt"]

1. e4 c5 2. Nf3 d6 3. Bb5+ Bd7 4. Bxd7+ Qxd7 5. c4 Nc6 6. Nc3 Nf6 7. d4 cxd4 8.
Nxd4 g6 9. f3 Bg7 10. Be3 O-O 11. O-O Rfc8 12. Rc1 Nxd4 13. Bxd4 Rxc4 14. Qd3
Rc6 15. a4 a6 16. a5 Rac8 17. Rcd1 Qe6 18. Na4 Nd7 19. Be3 Ne5 20. Qb1 Qb3 0-1

[Event "Schachbezirk Oberbayern - EM 2017"]
[Site "Hochstätt am Inn"]
[Date "2017.05.28"]
[Round "7.2"]
[White "Ott, Josef Sebastian"]
[Black "Linner, Christian"]
[Result "0-1"]
[WhiteElo "1852"]
[BlackElo "2001"]
[PlyCount "64"]
[EventDate "2017.??.??"]
[WhiteTeam "SG Traunstein/Traunreut e.V."]
[BlackTeam "SC Prien"]

1. e4 d5 2. exd5 c6 3. dxc6 Nxc6 4. Nf3 e5 5. Bb5 Bd6 6. d4 e4 7. Ne5 Bxe5 8.
dxe5 Qxd1+ 9. Kxd1 Bg4+ 10. Be2 O-O-O+ 11. Bd2 Nxe5 12. Bxg4+ Nxg4 13. Ke2 Ne7
14. h3 Ne5 15. Bc3 N7c6 16. Nd2 Rhe8 17. Rad1 Nd4+ 18. Bxd4 Rxd4 19. Nb3 Ra4
20. Nc1 f5 21. b3 Ra6 22. Ke3 g5 23. Rd5 Rc6 24. c4 f4+ 25. Kd4 Rce6 26. Re1 h5
27. Ne2 f3 28. Ng3 fxg2 29. Rxe5 Rxe5 30. Nxh5 e3 31. fxe3 Rxe3 32. Rg1 Rxh3
0-1

[Event "Schachbezirk Oberbayern - EM 2017"]
[Site "Hochstätt am Inn"]
[Date "2017.05.28"]
[Round "7.3"]
[White "Steinheimer, Jürgen"]
[Black "Schlosser, Andree"]
[Result "1/2-1/2"]
[WhiteElo "2059"]
[BlackElo "2134"]
[PlyCount "70"]
[EventDate "2017.??.??"]
[WhiteTeam "SK Gräfelfing"]
[BlackTeam "SAbt TuS Fürstenfeldbruck"]

1. c4 e5 2. Nc3 Nc6 3. Nf3 Bc5 4. Ne4 Be7 5. d4 f5 6. Nc3 e4 7. Nd2 Nf6 8. e3
O-O 9. f3 Bb4 10. fxe4 Nxe4 11. Ndxe4 fxe4 12. Bd2 Bxc3 13. Bxc3 Qh4+ 14. g3
Qg5 15. Qe2 d6 16. Bg2 Bg4 17. Qd2 Bf3 18. O-O Bxg2 19. Kxg2 Ne7 20. d5 Nf5 21.
Rf4 Rae8 22. Raf1 h5 23. Qf2 Nh4+ 24. Kh1 Nf3 25. Qg2 Qg6 26. Qh3 Rf7 27. Rxf7
Qxf7 28. g4 h4 29. Qg2 c6 30. Rd1 c5 31. a4 Qe7 32. h3 Qg5 33. Qe2 Rf8 34. Rf1
Rf7 35. Kg2 Re7 1/2-1/2

[Event "Schachbezirk Oberbayern - EM 2017"]
[Site "Hochstätt am Inn"]
[Date "2017.05.28"]
[Round "7.4"]
[White "Jocher, Georg"]
[Black "Graf, Christian"]
[Result "1/2-1/2"]
[WhiteElo "2075"]
[BlackElo "1981"]
[PlyCount "37"]
[EventDate "2017.??.??"]
[WhiteTeam "SK Großweil"]
[BlackTeam "SU Ebersberg-Grafing"]

1. b3 e5 2. Bb2 Nc6 3. e3 d6 4. Bb5 Bd7 5. Nf3 Nf6 6. O-O Be7 7. d4 exd4 8.
Nxd4 Nxd4 9. Bxd7+ Qxd7 10. Bxd4 O-O 11. Qf3 d5 12. Nd2 Qg4 13. Qxg4 Nxg4 14.
Nf3 Bf6 15. Rad1 Bxd4 16. Nxd4 c6 17. Rd3 g6 18. f3 Nf6 19. Rfd1 1/2-1/2

[Event "Schachbezirk Oberbayern - EM 2017"]
[Site "Hochstätt am Inn"]
[Date "2017.05.28"]
[Round "7.5"]
[White "Frese, Daniel"]
[Black "Bergerhoff, Andreas"]
[Result "1/2-1/2"]
[WhiteElo "2063"]
[BlackElo "1988"]
[PlyCount "93"]
[EventDate "2017.??.??"]
[WhiteTeam "SG Traunstein/Traunreut e.V."]
[BlackTeam "SK Bruckmühl e.V."]

1. e4 c5 2. Nf3 e6 3. d4 cxd4 4. Nxd4 Nc6 5. Nc3 Qc7 6. Be3 a6 7. Qd2 b5 8.
Nxc6 Qxc6 9. O-O-O Bb4 10. Bd4 f6 11. e5 Bb7 12. Be2 O-O-O 13. Bf3 Qc7 14. Qe3
Bxf3 15. Qxf3 Qc6 16. Qg3 Ne7 17. exf6 gxf6 18. Bxf6 Rhf8 19. Qh4 Nf5 20. Qxb4
Rxf6 21. Ne4 a5 22. Qc5 Qxc5 23. Nxc5 Kc7 24. Rhe1 Nh4 25. g3 Nf3 26. Re3 Nxh2
27. Rc3 b4 28. Rc4 d5 29. Nxe6+ Kb6 30. Rxb4+ axb4 31. Nxd8 Rxf2 32. Rxd5 Rg2
33. Rd3 Rg1+ 34. Kd2 Rg2+ 35. Kd1 Rg1+ 36. Kd2 Rg2+ 37. Kd1 Rg1+ 38. Ke2 Rg2+
39. Ke1 Rxc2 40. Rb3 Kc5 41. Ne6+ Kc4 42. Nf4 Rc1+ 43. Kd2 Ra1 44. Nd3 Nf1+ 45.
Ke2 Nxg3+ 46. Kf3 Rxa2 47. Rxb4+ 1/2-1/2

[Event "Schachbezirk Oberbayern - EM 2017"]
[Site "Hochstätt am Inn"]
[Date "2017.05.28"]
[Round "7.6"]
[White "Straub, Jürgen"]
[Black "Nikutowski, Oliver"]
[Result "1-0"]
[WhiteElo "2121"]
[BlackElo "1993"]
[PlyCount "113"]
[EventDate "2017.??.??"]
[WhiteTeam "TSV Ingolstadt Nord"]
[BlackTeam "Gautinger SC"]

1. e4 c5 2. Nf3 d6 3. Bb5+ Bd7 4. Bxd7+ Qxd7 5. O-O Nc6 6. b3 Nf6 7. Re1 e5 8.
c3 g6 9. d4 Bg7 10. dxc5 dxc5 11. Qxd7+ Nxd7 12. Na3 O-O 13. Bg5 f6 14. Rad1
Rfd8 15. Be3 b6 16. Rd6 Rac8 17. Red1 Nf8 18. Nc4 Ne6 19. a4 Bf8 20. R6d5 Kf7
21. Kf1 Ke8 22. Ke2 Nc7 23. Rxd8+ Rxd8 24. g4 Rxd1 25. Kxd1 Kd7 26. g5 Be7 27.
Kc2 Ne8 28. Kd3 Ke6 29. gxf6 Bxf6 30. Bh6 Nd8 31. b4 cxb4 32. cxb4 Nf7 33. Be3
Ned6 34. Nxd6 Kxd6 35. b5 g5 36. h3 h5 37. Nh2 Nd8 38. Nf1 Ne6 39. Ng3 Ng7 40.
f3 Be7 41. Kc4 Ke6 42. Bd2 Bd8 43. Bc1 Be7 44. Be3 Bd8 45. a5 h4 46. Nh1 Nh5
47. a6 Nf4 48. Bxf4 gxf4 49. Nf2 Be7 50. Nd1 Bc5 51. Nc3 Be7 52. Nd5 Bc5 53.
Nc7+ Kd6 54. Ne8+ Kd7 55. Ng7 Be7 56. Kd5 Bf6 57. Nf5 1-0

[Event "Schachbezirk Oberbayern - EM 2017"]
[Site "Hochstätt am Inn"]
[Date "2017.05.28"]
[Round "7.7"]
[White "Reisser, Simon"]
[Black "Rosner, Gerhard"]
[Result "0-1"]
[WhiteElo "1938"]
[BlackElo "2029"]
[PlyCount "102"]
[EventDate "2017.??.??"]
[WhiteTeam "TSV Trostberg"]
[BlackTeam "SG Pang-Rosenheim 1910 e.V."]

1. e4 c5 2. d4 cxd4 3. c3 dxc3 4. Nxc3 Nc6 5. Bc4 e6 6. Nf3 a6 7. O-O Nge7 8.
Bg5 f6 9. Be3 Ng6 10. Bb3 Be7 11. Qe2 O-O 12. Rad1 Qe8 13. Nd5 exd5 14. exd5
Na5 15. d6+ Nxb3 16. dxe7 Qxe7 17. Qc4+ Qe6 18. Qxb3 Qxb3 19. axb3 b5 20. Rd3
Bb7 21. Rxd7 Bxf3 22. gxf3 Ne5 23. Rb7 Nxf3+ 24. Kg2 Ne5 25. Rc1 Rf7 26. Rcc7
Rxc7 27. Rxc7 Nd3 28. Rd7 Ne5 29. Rc7 Re8 30. h3 Re6 31. Kg3 h5 32. Kh4 g6 33.
Bh6 Nf7 34. Be3 Kg7 35. Bh6+ Kxh6 36. Rxf7 g5+ 37. Kg3 Kg6 38. Ra7 Re2 39. Rxa6
Rxb2 40. Rb6 Rxb3+ 41. Kg2 Kf5 42. Rc6 h4 43. Rb6 Ke5 44. Rb8 Kf4 45. Rh8 Rd3
46. Rb8 Rd5 47. Rb6 Ke5 48. Rc6 Kd4 49. Rxf6 b4 50. Kf3 Rb5 51. Re6 b3 0-1

[Event "Schachbezirk Oberbayern - EM 2017"]
[Site "Hochstätt am Inn"]
[Date "2017.05.28"]
[Round "7.8"]
[White "Kobl, Rudolf"]
[Black "Höller, Armin"]
[Result "1-0"]
[WhiteElo "1912"]
[BlackElo "1961"]
[PlyCount "97"]
[EventDate "2017.??.??"]
[WhiteTeam "SK Wasserburg"]
[BlackTeam "SK Weilheim"]

1. d4 f5 2. Nf3 Nf6 3. g3 e6 4. Bg2 d5 5. O-O Bd6 6. c4 c6 7. b3 Qe7 8. Bb2 O-O
9. Nbd2 Nbd7 10. Ne5 Ne4 11. Ndf3 Ndf6 12. Nd3 Bd7 13. Nfe5 Be8 14. f3 Ng5 15.
Qd2 Nd7 16. Rae1 Nxe5 17. dxe5 Bc7 18. Bd4 b6 19. c5 b5 20. h4 Nf7 21. Qc3 g5
22. hxg5 Qxg5 23. Kf2 Nh6 24. Be3 f4 25. Bxf4 Rxf4 26. gxf4 Qh4+ 27. Kg1 Bg6
28. e4 dxe4 29. fxe4 b4 30. Nxb4 Rf8 31. Nd3 Ng4 32. Rf3 Qh2+ 33. Kf1 Qh4 34.
Kg1 Qh2+ 35. Kf1 Qh4 36. Rh3 Rxf4+ 37. Kg1 Qg5 38. Nxf4 Bxe5 39. Qd3 Bxf4 40.
b4 Bh2+ 41. Rxh2 Nxh2 42. Rd1 Qe5 43. Qd8+ Kg7 44. Rd7+ Kh6 45. Qh4+ Bh5 46.
Qxh2 Qa1+ 47. Bf1 Qf6 48. Qd2+ Kg6 49. Rd8 1-0

[Event "Schachbezirk Oberbayern - EM 2017"]
[Site "Hochstätt am Inn"]
[Date "2017.05.28"]
[Round "7.9"]
[White "Holzmayr, Norbert"]
[Black "Gilhuber, Max"]
[Result "1/2-1/2"]
[WhiteElo "1692"]
[BlackElo "1699"]
[PlyCount "84"]
[EventDate "2017.??.??"]
[WhiteTeam "SV Ilmmünster"]
[BlackTeam "SK Töging"]

1. d4 d5 2. Nf3 Nf6 3. g3 c6 4. Bg2 e6 5. Nbd2 Bd6 6. c4 O-O 7. b3 Nbd7 8. Bb2
Ne4 9. Nxe4 dxe4 10. Nd2 f5 11. e3 Nf6 12. Bc3 b5 13. b4 a6 14. Nb3 bxc4 15.
Na5 Nd5 16. Qd2 Nxc3 17. Qxc3 Bd7 18. a3 Bc7 19. Nb7 Qc8 20. Nc5 a5 21. Rc1
axb4 22. axb4 Bd6 23. O-O Bxc5 24. dxc5 Qb8 25. Rfd1 Be8 26. Bf1 Bf7 27. Rb1
Rd8 28. Rxd8+ Qxd8 29. Bxc4 Qd7 30. b5 cxb5 31. Bxb5 Qd5 32. Bf1 Be8 33. Rc1
Bc6 34. Bc4 Qd7 35. Qe5 Bd5 36. Bxd5 Qxd5 37. Qxd5 exd5 38. c6 Kf7 39. Rb1 Rc8
40. Rb7+ Kf6 41. Rd7 Rxc6 42. Rxd5 g5 1/2-1/2